书目信息 |
| 题名: |
集韵
|
|
| 作者: | 丁度 编 | |
| 分册: | 上 | |
| 出版信息: | 上海 上海古籍出版社 1985 |
|
| 页数: | 846页 | |
| 开本: | 21cm | |
| 丛书名: | ||
| 单 册: | ||
| 中图分类: | H113.4 | |
| 科图分类: | ||
| 主题词: | 《集韵》 | |
| 电子资源: | ||
| ISBN: | ||
| 000 | 00669nam0 2200253 45 | |
| 001 | 0185012644 | |
| 005 | 20070731155819.37 | |
| 010 | @dCNY11.95 | |
| 091 | @a9186.29 | |
| 100 | @a19951021d1985 em y0chiy0121 ea | |
| 101 | 0 | @achi |
| 102 | @aCN@b310000 | |
| 105 | @ay z 000yy | |
| 200 | 10 | @a集韵@Aji yun@e附索引@EFu Suo Yin@h上@f(宋)丁度等编@F(Song)Ding Du DengBian |
| 205 | @a影印本 | |
| 210 | @a上海@c上海古籍出版社@d1985 | |
| 215 | @a846页@d21cm | |
| 517 | @a附索引@AFu Suo Yin | |
| 606 | @a《集韵》 | |
| 690 | @aH113.4@v3 | |
| 701 | 0 | @a丁度@4编 |
| 801 | 2 | @aCN@bNLC@c20070731 |
| 801 | 0 | @aCN@b深圳图书馆@c20050418 |
| 905 | @f1@b141243@dH113.4@e27:1 | |
| 集韵:附索引.上/(宋)丁度等编.-影印本.-上海:上海古籍出版社,1985 |
| 846页;21cm |
| ISBN :CNY11.95 |
| ● |
| 相关链接 |
|
|
|
|
正题名:集韵
索取号:H113.4/27:1
 
预约/预借
| 序号 | 登录号 | 条形码 | 馆藏地/架位号 | 状态 | 备注 |
| 1 | 0141243 | 002027229 | 工具书阅览室/ [索取号:H113.4/27:1] | 在馆 | |
| 2 | 0141244 | 202078269 | 第二样本阅览室/ [索取号:H113.4/27:1] | 在馆 | |
| 3 | 0790189 | 207901895 | 密集书库/ [索取号:H113.4/27:1] | 在馆 |